[Event "World Youth & Cadets Blitz Championships"]
[Site "Rhodes, Greece"]
[Date "2022.05.03"]
[Round "7.3"]
[White "Chyzy, Jakub"]
[Black "Petrovskyi, Vadym"]
[Result "0-1"]
[TimeControl "5'/game & 2\"/move"]
[WhiteElo "2002"]
[BlackElo "2400"]

1. e4 {[%clk 00:05:03]} {[%emt 00:26:58]} c5 {[%clk 00:05:03]} {[%emt
00:00:01]} 2. Nf3 {[%clk 00:05:04]} {[%emt 00:00:01]} d6 {[%clk 00:05:05]} 3.
d4 {[%clk 00:05:05]} cxd4 {[%clk 00:05:06]} {[%emt 00:00:01]} 4. Qxd4 {[%clk
00:05:06]} Nc6 {[%clk 00:05:06]} {[%emt 00:00:02]} 5. Bb5 {[%clk 00:05:07]}
{[%emt 00:00:01]} Bd7 {[%clk 00:05:07]} {[%emt 00:00:01]} 6. Bxc6 {[%clk
00:05:09]} Bxc6 {[%clk 00:05:08]} {[%emt 00:00:01]} 7. Nc3 {[%clk 00:05:10]}
Nf6 {[%clk 00:05:09]} {[%emt 00:00:02]} 8. Bg5 {[%clk 00:05:11]} e6 {[%clk
00:05:10]} {[%emt 00:00:01]} 9. O-O-O {[%clk 00:05:11]} {[%emt 00:00:02]} Be7
{[%clk 00:05:11]} {[%emt 00:00:01]} 10. Rhe1 {[%clk 00:05:13]} O-O {[%clk
00:05:11]} {[%emt 00:00:02]} 11. Kb1 {[%clk 00:05:14]} b5 {[%clk 00:04:56]}
{[%emt 00:00:17]} 12. e5 {[%clk 00:04:09]} {[%emt 00:01:07]} dxe5 {[%clk
00:04:56]} {[%emt 00:00:02]} 13. Qxe5 {[%clk 00:03:51]} {[%emt 00:00:20]} Qb6
{[%clk 00:04:50]} {[%emt 00:00:07]} 14. Nd4 {[%clk 00:03:22]} {[%emt 00:00:32]}
Nd7 {[%clk 00:01:54]} {[%emt 00:02:59]} 15. Qg3 {[%clk 00:03:00]} {[%emt
00:00:23]} Bxg5 {[%clk 00:01:37]} {[%emt 00:00:19]} 16. Qxg5 {[%clk 00:03:01]}
{[%emt 00:00:01]} h6 {[%clk 00:01:27]} {[%emt 00:00:12]} 17. Qg3 {[%clk
00:01:13]} {[%emt 00:01:50]} Nf6 {[%clk 00:01:22]} {[%emt 00:00:07]} 18. Nxc6
{[%clk 00:00:38]} {[%emt 00:00:37]} Qxc6 {[%clk 00:01:24]} {[%emt 00:00:01]} 19.
Qd6 {[%clk 00:00:25]} {[%emt 00:00:15]} Qb7 {[%clk 00:01:14]} {[%emt 00:00:11]}
20. f3 {[%clk 00:00:18]} {[%emt 00:00:09]} Rac8 {[%clk 00:01:08]} {[%emt
00:00:08]} 21. Ne4 {[%clk 00:00:15]} {[%emt 00:00:05]} Nxe4 {[%clk 00:01:03]}
{[%emt 00:00:07]} 22. Rxe4 {[%clk 00:00:16]} Rc6 {[%clk 00:01:03]} {[%emt
00:00:02]} 23. Qd7 {[%clk 00:00:16]} {[%emt 00:00:02]} Rc7 {[%clk 00:01:04]}
{[%emt 00:00:01]} 24. Qd6 {[%clk 00:00:14]} {[%emt 00:00:04]} Rfc8 {[%clk
00:01:04]} {[%emt 00:00:02]} 25. Qd3 {[%clk 00:00:08]} {[%emt 00:00:08]} Rxc2
{[%clk 00:00:41]} {[%emt 00:00:25]} 26. Qxc2 {[%clk 00:00:08]} {[%emt
00:00:01]} Rxc2 {[%clk 00:00:43]} 27. Kxc2 {[%clk 00:00:09]} Qc7+ {[%clk
00:00:44]} {[%emt 00:00:01]} 28. Kb1 {[%clk 00:00:07]} {[%emt 00:00:04]} Qxh2
{[%clk 00:00:45]} 29. Re2 {[%clk 00:00:07]} {[%emt 00:00:02]} Qf4 {[%clk
00:00:40]} {[%emt 00:00:07]} 30. Re4 {[%clk 00:00:06]} {[%emt 00:00:03]} Qg5
{[%clk 00:00:40]} {[%emt 00:00:02]} 31. g4 {[%clk 00:00:05]} {[%emt 00:00:03]}
Qc5 {[%clk 00:00:37]} {[%emt 00:00:04]} 32. Red4 {[%clk 00:00:05]} {[%emt
00:00:03]} Kh7 {[%clk 00:00:37]} {[%emt 00:00:02]} 33. Rd7 {[%clk 00:00:06]}
{[%emt 00:00:01]} Kg6 {[%clk 00:00:37]} {[%emt 00:00:03]} 34. R7d4 {[%clk
00:00:05]} {[%emt 00:00:02]} Qc6 {[%clk 00:00:34]} {[%emt 00:00:05]} 35. f4
{[%clk 00:00:06]} {[%emt 00:00:02]} Qf3 {[%clk 00:00:34]} {[%emt 00:00:02]} 36.
f5+ {[%clk 00:00:05]} {[%emt 00:00:03]} exf5 {[%clk 00:00:34]} {[%emt
00:00:01]} 37. gxf5+ {[%clk 00:00:06]} Qxf5+ {[%clk 00:00:35]} 38. Ka1 {[%clk
00:00:05]} {[%emt 00:00:39]} Kh7 {[%clk 00:01:31]} {[%emt 00:00:05]} 39. a3
{[%clk 00:00:07]} a6 {[%clk 00:01:29]} {[%emt 00:00:04]} 40. Rd6 {[%clk
00:00:08]} h5 {[%clk 00:01:23]} {[%emt 00:00:08]} 41. Rxa6 {[%clk 00:00:06]}
{[%emt 00:00:03]} h4 {[%clk 00:01:24]} 42. Rad6 {[%clk 00:00:05]} {[%emt
00:00:03]} g5 {[%clk 00:01:25]} {[%emt 00:00:01]} 43. R6d5 {[%clk 00:00:06]}
{[%emt 00:00:02]} Qg6 {[%clk 00:01:25]} {[%emt 00:00:01]} 44. Rd6 {[%clk
00:00:06]} {[%emt 00:00:03]} f6 {[%clk 00:01:25]} {[%emt 00:00:02]} 45. Re6
{[%clk 00:00:05]} {[%emt 00:00:03]} Qf5 {[%clk 00:01:18]} {[%emt 00:00:08]} 46.
Rdd6 {[%clk 00:00:05]} {[%emt 00:00:03]} Kg6 {[%clk 00:01:17]} {[%emt
00:00:03]} 47. Re8 {[%clk 00:00:05]} Qf1+ {[%clk 00:01:13]} {[%emt 00:00:07]}
48. Ka2 {[%clk 00:00:06]} {[%emt 00:00:01]} Qc4+ {[%clk 00:01:14]} 49. Kb1
{[%clk 00:00:06]} {[%emt 00:00:02]} h3 {[%clk 00:01:15]} {[%emt 00:00:01]} 50.
Rh8 {[%clk 00:00:04]} {[%emt 00:00:04]} Qf4 {[%clk 00:01:00]} {[%emt 00:00:16]}
51. Rdd8 {[%clk 00:00:05]} {[%emt 00:00:03]} h2 {[%clk 00:00:59]} {[%emt
00:00:02]} 52. Rdg8+ {[%clk 00:00:06]} {[%emt 00:00:02]} Kf5 {[%clk 00:01:01]}
{[%emt 00:00:01]} 53. Ka2 {[%clk 00:00:07]} Qc4+ {[%clk 00:01:01]} {[%emt
00:00:01]} 54. Kb1 {[%clk 00:00:06]} {[%emt 00:00:03]} Qxg8 {[%clk 00:01:01]}
{[%emt 00:00:01]} 0-1

[Event "World Youth & Cadets Blitz Championships"]
[Site "Rhodes, Greece"]
[Date "2022.05.03"]
[Round "7.4"]
[White "Trushko, Andrii"]
[Black "Nareks, Matic"]
[Result "1-0"]
[TimeControl "5'/game & 2\"/move"]
[WhiteElo "2222"]
[BlackElo "2147"]

1. d4 {[%clk 00:05:03]} d6 {[%clk 00:05:04]} 2. Bf4 {[%clk 00:05:04]} {[%emt
00:00:01]} g6 {[%clk 00:05:05]} {[%emt 00:00:01]} 3. e3 {[%clk 00:05:04]}
{[%emt 00:00:01]} Bg7 {[%clk 00:05:06]} {[%emt 00:00:01]} 4. Nf3 {[%clk
00:05:01]} {[%emt 00:00:06]} Nf6 {[%clk 00:05:07]} {[%emt 00:00:01]} 5. Nbd2
{[%clk 00:05:01]} {[%emt 00:00:01]} O-O {[%clk 00:05:06]} {[%emt 00:00:03]} 6.
Be2 {[%clk 00:05:01]} {[%emt 00:00:01]} Nfd7 {[%clk 00:05:06]} {[%emt
00:00:03]} 7. c3 {[%clk 00:04:56]} {[%emt 00:00:07]} e5 {[%clk 00:05:06]}
{[%emt 00:00:01]} 8. dxe5 {[%clk 00:04:57]} {[%emt 00:00:02]} dxe5 {[%clk
00:05:07]} {[%emt 00:00:01]} 9. Bg3 {[%clk 00:04:54]} {[%emt 00:00:05]} Nc6
{[%clk 00:05:05]} {[%emt 00:00:04]} 10. Bb5 {[%clk 00:04:51]} {[%emt 00:00:05]}
Qe7 {[%clk 00:04:55]} {[%emt 00:00:13]} 11. O-O {[%clk 00:04:32]} {[%emt
00:00:21]} Rd8 {[%clk 00:04:36]} {[%emt 00:00:20]} 12. Qc2 {[%clk 00:04:25]}
{[%emt 00:00:08]} Nb6 {[%clk 00:04:35]} {[%emt 00:00:04]} 13. Rfd1 {[%clk
00:04:21]} {[%emt 00:00:06]} Bf5 {[%clk 00:04:34]} {[%emt 00:00:03]} 14. e4
{[%clk 00:04:12]} {[%emt 00:00:10]} Bd7 {[%clk 00:04:25]} {[%emt 00:00:12]} 15.
Nc4 {[%clk 00:04:05]} {[%emt 00:00:09]} Nxc4 {[%clk 00:04:23]} {[%emt
00:00:05]} 16. Bxc4 {[%clk 00:04:06]} {[%emt 00:00:01]} Bg4 {[%clk 00:04:10]}
{[%emt 00:00:14]} 17. Qe2 {[%clk 00:03:41]} {[%emt 00:00:27]} Rxd1+ {[%clk
00:04:02]} {[%emt 00:00:10]} 18. Rxd1 {[%clk 00:03:42]} Nd8 {[%clk 00:03:55]}
{[%emt 00:00:10]} 19. h3 {[%clk 00:03:35]} {[%emt 00:00:08]} Be6 {[%clk
00:03:28]} {[%emt 00:00:29]} 20. Bh4 {[%clk 00:03:22]} {[%emt 00:00:15]} Bf6
{[%clk 00:03:10]} {[%emt 00:00:20]} 21. Bxf6 {[%clk 00:02:58]} {[%emt
00:00:26]} Qxf6 {[%clk 00:03:11]} 22. Bxe6 {[%clk 00:02:57]} {[%emt 00:00:03]}
Qxe6 {[%clk 00:02:59]} {[%emt 00:00:14]} 23. Qb5 {[%clk 00:02:49]} {[%emt
00:00:10]} f6 {[%clk 00:02:07]} {[%emt 00:00:54]} 24. Qd7 {[%clk 00:02:40]}
{[%emt 00:00:11]} Qxd7 {[%clk 00:02:06]} {[%emt 00:00:03]} 25. Rxd7 {[%clk
00:02:41]} Rc8 {[%clk 00:02:07]} {[%emt 00:00:02]} 26. g4 {[%clk 00:02:40]}
{[%emt 00:00:03]} Nf7 {[%clk 00:01:50]} {[%emt 00:00:19]} 27. h4 {[%clk
00:02:30]} {[%emt 00:00:12]} Kf8 {[%clk 00:01:41]} {[%emt 00:00:11]} 28. g5
{[%clk 00:02:13]} {[%emt 00:00:19]} Ke8 {[%clk 00:01:42]} {[%emt 00:00:01]} 29.
Rd1 {[%clk 00:02:12]} {[%emt 00:00:03]} fxg5 {[%clk 00:01:28]} {[%emt
00:00:15]} 30. hxg5 {[%clk 00:02:14]} Rd8 {[%clk 00:01:23]} {[%emt 00:00:07]}
31. Re1 {[%clk 00:02:11]} {[%emt 00:00:04]} Ke7 {[%clk 00:01:19]} {[%emt
00:00:07]} 32. Kg2 {[%clk 00:02:12]} {[%emt 00:00:01]} Ke6 {[%clk 00:01:14]}
{[%emt 00:00:08]} 33. Rh1 {[%clk 00:02:13]} Rh8 {[%clk 00:01:06]} {[%emt
00:00:10]} 34. Kg3 {[%clk 00:01:53]} {[%emt 00:00:22]} h6 {[%clk 00:01:00]}
{[%emt 00:00:09]} 35. gxh6 {[%clk 00:01:52]} {[%emt 00:00:02]} Rxh6 {[%clk
00:00:53]} {[%emt 00:00:09]} 36. Rxh6 {[%clk 00:01:35]} {[%emt 00:00:19]} Nxh6
{[%clk 00:00:54]} {[%emt 00:00:01]} 37. Kh4 {[%clk 00:01:36]} Kf6 {[%clk
00:00:53]} {[%emt 00:00:03]} 38. Nh2 {[%clk 00:01:29]} {[%emt 00:00:09]} Nf7
{[%clk 00:00:52]} {[%emt 00:00:02]} 39. Ng4+ {[%clk 00:01:30]} {[%emt
00:00:02]} Ke6 {[%clk 00:00:53]} {[%emt 00:00:01]} 40. f3 {[%clk 00:01:25]}
{[%emt 00:00:07]} Ke7 {[%clk 00:00:53]} {[%emt 00:00:02]} 41. Ne3 {[%clk
00:01:23]} {[%emt 00:00:04]} c6 {[%clk 00:00:40]} {[%emt 00:00:15]} 42. a4
{[%clk 00:01:22]} {[%emt 00:00:02]} Kf6 {[%clk 00:00:33]} {[%emt 00:00:09]} 43.
Nc4 {[%clk 00:01:23]} {[%emt 00:00:02]} b6 {[%clk 00:00:31]} {[%emt 00:00:04]}
44. Ne3 {[%clk 00:01:20]} {[%emt 00:00:05]} Ke6 {[%clk 00:00:24]} {[%emt
00:00:09]} 45. b4 {[%clk 00:01:17]} {[%emt 00:00:05]} Kd6 {[%clk 00:00:20]}
{[%emt 00:00:05]} 46. Kg4 {[%clk 00:01:14]} {[%emt 00:00:06]} Ke6 {[%clk
00:00:21]} {[%emt 00:00:02]} 47. Nc4 {[%clk 00:01:14]} {[%emt 00:00:02]} Kf6
{[%clk 00:00:18]} {[%emt 00:00:05]} 48. a5 {[%clk 00:01:11]} {[%emt 00:00:05]}
b5 {[%clk 00:00:10]} {[%emt 00:00:09]} 49. Nb2 {[%clk 00:01:12]} Ng5 {[%clk
00:00:10]} {[%emt 00:00:02]} 50. Nd3 {[%clk 00:01:00]} {[%emt 00:00:14]} Ne6
{[%clk 00:00:11]} {[%emt 00:00:01]} 51. Kh4 {[%clk 00:00:59]} {[%emt 00:00:03]}
a6 {[%clk 00:00:07]} {[%emt 00:00:06]} 52. Kg4 {[%clk 00:01:00]} Nf4 {[%clk
00:00:03]} {[%emt 00:00:06]} 53. Nxf4 {[%clk 00:00:56]} {[%emt 00:00:06]} exf4
{[%clk 00:00:04]} 54. Kxf4 {[%clk 00:00:57]} {[%emt 00:00:01]} g5+ {[%clk
00:00:04]} {[%emt 00:00:01]} 55. Kg4 {[%clk 00:00:59]} Kg6 {[%clk 00:00:04]}
{[%emt 00:00:02]} 56. e5 {[%clk 00:01:00]} Kf7 {[%clk 00:00:05]} 57. Kxg5
{[%clk 00:01:01]} {[%emt 00:00:01]} Ke6 {[%clk 00:00:07]} 58. f4 {[%clk
00:01:03]} {[%emt 00:00:01]} 1-0

[Event "World Youth & Cadets Blitz Championships"]
[Site "Rhodes, Greece"]
[Date "2022.05.03"]
[Round "7.5"]
[White "Laux, Dominik"]
[Black "Tobak, Mikhail"]
[Result "1/2-1/2"]
[TimeControl "5'/game & 2\"/move"]
[WhiteElo "2231"]
[BlackElo "2068"]

1. d4 {[%clk 00:05:03]} Nf6 {[%clk 00:05:03]} {[%emt 00:00:02]} 2. Bg5 {[%clk
00:05:03]} e6 {[%clk 00:04:55]} {[%emt 00:00:11]} 3. Nd2 {[%clk 00:05:04]} h6
{[%clk 00:04:52]} {[%emt 00:00:06]} 4. Bh4 {[%clk 00:05:06]} b6 {[%clk
00:04:44]} {[%emt 00:00:10]} 5. e4 {[%clk 00:05:05]} {[%emt 00:00:03]} Be7
{[%clk 00:04:41]} {[%emt 00:00:05]} 6. e5 {[%clk 00:04:39]} {[%emt 00:00:28]}
Nd5 {[%clk 00:04:41]} {[%emt 00:00:02]} 7. Bxe7 {[%clk 00:04:39]} {[%emt
00:00:02]} Nxe7 {[%clk 00:04:39]} {[%emt 00:00:03]} 8. Ngf3 {[%clk 00:04:37]}
{[%emt 00:00:05]} Bb7 {[%clk 00:04:39]} {[%emt 00:00:01]} 9. Bd3 {[%clk
00:04:37]} {[%emt 00:00:03]} d6 {[%clk 00:04:26]} {[%emt 00:00:15]} 10. exd6
{[%clk 00:04:13]} {[%emt 00:00:26]} cxd6 {[%clk 00:04:19]} {[%emt 00:00:08]} 11.
O-O {[%clk 00:04:10]} {[%emt 00:00:05]} O-O {[%clk 00:04:17]} {[%emt 00:00:05]}
12. c3 {[%clk 00:03:50]} {[%emt 00:00:22]} Nd7 {[%clk 00:04:17]} 13. Re1 {[%clk
00:03:49]} {[%emt 00:00:03]} Nf6 {[%clk 00:04:16]} {[%emt 00:00:03]} 14. a4
{[%clk 00:03:47]} {[%emt 00:00:04]} a6 {[%clk 00:04:02]} {[%emt 00:00:17]} 15.
Qc2 {[%clk 00:03:22]} {[%emt 00:00:27]} Ned5 {[%clk 00:03:53]} {[%emt
00:00:11]} 16. Bf1 {[%clk 00:03:03]} {[%emt 00:00:21]} Qc7 {[%clk 00:03:46]}
{[%emt 00:00:08]} 17. Qb3 {[%clk 00:03:01]} {[%emt 00:00:04]} Rab8 {[%clk
00:02:43]} {[%emt 00:01:05]} 18. Qa3 {[%clk 00:02:35]} {[%emt 00:00:29]} Ng4
{[%clk 00:01:53]} {[%emt 00:00:51]} 19. c4 {[%clk 00:02:17]} {[%emt 00:00:21]}
Ne7 {[%clk 00:01:43]} {[%emt 00:00:11]} 20. a5 {[%clk 00:02:15]} {[%emt
00:00:04]} Ng6 {[%clk 00:01:08]} {[%emt 00:00:37]} 21. axb6 {[%clk 00:01:58]}
{[%emt 00:00:19]} Qxb6 {[%clk 00:01:09]} {[%emt 00:00:02]} 22. b4 {[%clk
00:01:56]} {[%emt 00:00:04]} Bxf3 {[%clk 00:00:59]} {[%emt 00:00:12]} 23. Nxf3
{[%clk 00:01:56]} {[%emt 00:00:02]} Qxb4 {[%clk 00:00:34]} {[%emt 00:00:27]} 24.
Qxb4 {[%clk 00:01:50]} {[%emt 00:00:08]} Rxb4 {[%clk 00:00:35]} 25. Rxa6 {[%clk
00:01:51]} {[%emt 00:00:01]} Rd8 {[%clk 00:00:31]} {[%emt 00:00:05]} 26. Rc1
{[%clk 00:01:31]} {[%emt 00:00:23]} e5 {[%clk 00:00:24]} {[%emt 00:00:09]} 27.
c5 {[%clk 00:01:25]} {[%emt 00:00:08]} dxc5 {[%clk 00:00:23]} {[%emt 00:00:03]}
28. dxc5 {[%clk 00:01:26]} e4 {[%clk 00:00:24]} {[%emt 00:00:01]} 29. Ne1
{[%clk 00:00:53]} {[%emt 00:00:35]} N6e5 {[%clk 00:00:17]} {[%emt 00:00:09]} 30.
c6 {[%clk 00:00:38]} {[%emt 00:00:17]} Rc8 {[%clk 00:00:18]} 31. h3 {[%clk
00:00:37]} {[%emt 00:00:03]} Nf6 {[%clk 00:00:18]} {[%emt 00:00:02]} 32. Nc2
{[%clk 00:00:36]} {[%emt 00:00:03]} Rb2 {[%clk 00:00:07]} {[%emt 00:00:13]} 33.
Ne3 {[%clk 00:00:28]} {[%emt 00:00:10]} Nd3 {[%clk 00:00:08]} {[%emt 00:00:01]}
34. Rc2 {[%clk 00:00:20]} {[%emt 00:00:09]} Rxc2 {[%clk 00:00:06]} {[%emt
00:00:05]} 35. Nxc2 {[%clk 00:00:21]} Nd5 {[%clk 00:00:07]} {[%emt 00:00:01]}
36. Nd4 {[%clk 00:00:12]} {[%emt 00:00:11]} N3b4 {[%clk 00:00:05]} {[%emt
00:00:04]} 37. Ra5 {[%clk 00:00:13]} {[%emt 00:00:02]} Ne7 {[%clk 00:00:04]}
{[%emt 00:00:02]} 38. Re5 {[%clk 00:00:09]} {[%emt 00:00:06]} Nexc6 {[%clk
00:00:05]} {[%emt 00:00:01]} 39. Nxc6 {[%clk 00:00:09]} {[%emt 00:00:02]} Nxc6
{[%clk 00:00:05]} {[%emt 00:00:02]} 40. Rxe4 {[%clk 00:00:10]} {[%emt
00:00:01]} 1/2-1/2

[Event "World Youth & Cadets Blitz Championships"]
[Site "Rhodes, Greece"]
[Date "2022.05.03"]
[Round "7.6"]
[White "Garner, Isaac"]
[Black "Gregoric, Andraz"]
[Result "1-0"]
[TimeControl "5'/game & 2\"/move"]
[WhiteElo "2283"]
[BlackElo "1948"]

1. e4 {[%clk 00:05:02]} {[%emt 00:00:02]} e5 {[%clk 00:05:04]} {[%emt
00:00:01]} 2. Nf3 {[%clk 00:05:03]} {[%emt 00:00:01]} Nc6 {[%clk 00:05:05]} 3.
Bc4 {[%clk 00:05:04]} Bc5 {[%clk 00:05:06]} {[%emt 00:00:01]} 4. c3 {[%clk
00:05:04]} {[%emt 00:00:02]} Nf6 {[%clk 00:05:07]} {[%emt 00:00:01]} 5. d4
{[%clk 00:05:05]} exd4 {[%clk 00:05:08]} {[%emt 00:00:01]} 6. b4 {[%clk
00:05:07]} Bb6 {[%clk 00:04:37]} {[%emt 00:00:34]} 7. e5 {[%clk 00:05:07]} d5
{[%clk 00:04:32]} {[%emt 00:00:07]} 8. exf6 {[%clk 00:05:08]} {[%emt 00:00:01]}
dxc4 {[%clk 00:04:32]} {[%emt 00:00:02]} 9. Qe2+ {[%clk 00:05:09]} Be6 {[%clk
00:04:30]} {[%emt 00:00:04]} 10. b5 {[%clk 00:05:10]} {[%emt 00:00:01]} d3
{[%clk 00:03:53]} {[%emt 00:00:38]} 11. Qe4 {[%clk 00:05:11]} {[%emt 00:00:02]}
Na5 {[%clk 00:03:29]} {[%emt 00:00:26]} 12. fxg7 {[%clk 00:04:59]} {[%emt
00:00:14]} Rg8 {[%clk 00:03:30]} {[%emt 00:00:02]} 13. Bg5 {[%clk 00:04:59]}
{[%emt 00:00:02]} Qd5 {[%clk 00:03:16]} {[%emt 00:00:16]} 14. Qxh7 {[%clk
00:04:59]} {[%emt 00:00:02]} Kd7 {[%clk 00:03:16]} {[%emt 00:00:02]} 15. O-O
{[%clk 00:04:01]} {[%emt 00:00:59]} Bg4 {[%clk 00:02:40]} {[%emt 00:00:38]} 16.
Nbd2 {[%clk 00:03:52]} {[%emt 00:00:11]} Rae8 {[%clk 00:02:41]} {[%emt
00:00:02]} 17. Rfe1 {[%clk 00:03:17]} {[%emt 00:00:36]} Qf5 {[%clk 00:02:16]}
{[%emt 00:00:27]} 18. Re7+ {[%clk 00:02:49]} {[%emt 00:00:29]} Rxe7 {[%clk
00:01:08]} {[%emt 00:01:11]} 19. Qxg8 {[%clk 00:02:50]} Bxf2+ {[%clk 00:00:45]}
{[%emt 00:00:25]} 20. Kh1 {[%clk 00:02:32]} {[%emt 00:00:19]} Bxf3 {[%clk
00:00:46]} {[%emt 00:00:02]} 21. Nxf3 {[%clk 00:02:30]} {[%emt 00:00:04]} d2
{[%clk 00:00:12]} {[%emt 00:00:36]} 22. Bxe7 {[%clk 00:02:21]} {[%emt
00:00:11]} Qc2 {[%clk 00:00:04]} {[%emt 00:00:10]} 23. Qd8+ {[%clk 00:02:22]}
{[%emt 00:00:01]} Ke6 {[%clk 00:00:05]} 24. Qxd2 {[%clk 00:02:14]} {[%emt
00:00:09]} Qxd2 {[%clk 00:00:05]} {[%emt 00:00:02]} 25. Nxd2 {[%clk 00:02:15]}
{[%emt 00:00:02]} 1-0